000 00824nam a2200265 i 4500
003 DO-SdBNP
005 20250728101404.0
007 ta
008 250728b1996 dr ||||| |||| 00| 0 spa d
040 _aDO-SdBNP
_bspa
_cBNPHU
_erda
041 _hspa
_aspa
082 4 _axxx
_bU58
_222
110 1 _aUniversidad Autónoma de Santo Domingo
_972951
245 1 0 _aLibro de graduandos :
_binvestidura ordinaria 14 de junio 1996
264 1 _aSanto Domingo :
_bUniversitaria-UASD,
_c1996.
300 _a24 páginas ;
_c21 cm.
336 _atexto
_btxt
_2rdacontent
337 _asinmediación
_bn
_2rdamedia
338 _avolumen
_bnc
_2rdacarrier
590 _aInventariado, 2025/BT
650 4 _aTítulos académicos
_981657
650 4 _aUniversidad Autónoma de Santo Domingo
_981917
910 _aBtavárez
942 _2ddc
_cLF2
999 _c59651
_d59651